000 00550nam a2200217Ia 4500
005 20260219115453.0
008 230917s9999||||xx |||||||||||||| ||und||
020 _cRs. 950.00
_a9788183189392
040 _aMAIN
082 _a531
_bU1C(3)
100 _aUpadhyaya, J C
245 0 _aClassical mechanics
250 _a3rd
260 _aMumbai
_bHimalaya Publishing House
_c2022
300 _a554
500 _a4622 02/12/2022 BA22/030 16/12/2022 Main Budget
650 _aMechanics
650 _aDynamics
650 _aPhysics
942 _cBK
999 _c6260
_d6260